Pays à trouver 7 - Statistiques

Statistiques générales
  • Ce quiz a été pris 246 fois
  • Le résultat moyen est 19 sur 25
Statistiques - réponses
Réponse % Correct
Espagne
99%
Arménie
93%
Danemark
93%
Uruguay
93%
Allemagne
92%
Estonie
92%
Argentine
90%
Inde
90%
Indonésie
87%
Albanie
84%
Algérie
81%
Angola
80%
Népal
80%
Andorre
79%
Pérou
77%
Kazakhstan
75%
Sénégal
74%
Arabie Saoudite
65%
Niger
62%
Nigeria
60%
Mexique
58%
Serbie
58%
Nicaragua
57%
Antigua-et-Barbuda
53%
Seychelles
41%
Aucun quiz correspondant
Distribution des résultats
% des personnes avec chaque résultat
Percentile par nombre de réponses
Votre historique - résultats
Vous n’avez pas pris ce quiz